[Event "Candidates final"]
[Site "Buenos Aires"]
[Date "1971.10.19"]
[Round "7"]
[White "Fischer, Robert James"]
[Black "Petrosian, Tigran V"]
[Result "1-0"]
[WhiteElo "2760"]
[BlackElo "2640"]
[Annotator "Ubilava, E"]
[PlyCount "67"]
[EventDate "1971.09.30"]
[Source "EDAMI"]
[SourceDate "2006.12.20"]

{Este encuentro destaca claramente en mis recuerdos. Creo que es una de las
mejores partidas jugadas en el tablero. Incluso hoy día, puedo recordar el
rayo de comprensión que iluminó mi mente cuando vi la jugada 18.b4!! !Todo me
pareció tan simple y evidente! Todo lo que hace Fischer parece perfecto. La
coordinacion entre sus piezas dinamiza la posición, sus magistrales decisiones
están en plena armonía con las exigencias de la posición. Realmente, quien
entiende este juego solo puede disfrutar, olvidando las opciones que quedan
fuera de las jugadas ejecutadas.} 1. e4 c5 2. Nf3 e6 3. d4 cxd4 4. Nxd4 a6 5.
Bd3 Nc6 ({La jugada} 5... Bc5 {es más precisa}) 6. Nxc6 bxc6 7. O-O d5 8. c4 {
Después de este ataque frontal la lucha empieza tener unos rasgos muyconcretos.
} Nf6 9. cxd5 cxd5 10. exd5 exd5 $6 {Petrosian determina la estructura de su
posición con cierta arrogancia, aunque en este momento era difícil imaginar el
castigo que llevarían las negras por esa decisión. Había que jugar} (10... Nxd5
{contra lo que probablemente las blancas seguirían con} 11. Be4 {
y apartir de eso estaríamos viendo "otra película" completamente diferente.})
11. Nc3 Be7 12. Qa4+ Qd7 ({Por las debilidades estructurales parece más lógica
} 12... Bd7 {y si} 13. Qd4 ({también es posible llevar la dama al flanco de rey
} 13. Qh4 Ne4 14. Qh5 Nxc3 15. bxc3) 13... Be6 14. Bf4 O-O 15. Rac1 {
las negras pueden molestar con} Nh5) 13. Re1 $1 Qxa4 14. Nxa4 Be6 15. Be3 {
Otra jugada clara como el agua. Las blancas preparan el cambio de los alfiles
negros, lo que asegura el futuro dominio del centro y el flanco de dama.} O-O (
{No satisface} 15... Nd7 {por} 16. f4 O-O 17. f5 {
y aunque las negras tienen la respuesta} Ne5 {la posición empieza a "oler" mal.
}) 16. Bc5 Rfe8 17. Bxe7 Rxe7 {diagrama.} 18. b4 $3 {Antes de hacer esta
jugada, la posición de las negras parecía un poco inferior, pero estaba
bastante lejano que las blancas pudiesen conseguir algo tangible. Sin embargo,
ahora la posición se llena de concreción, el peón a6 queda prácticamente
inmóvil bajo la severa mirada del alfil d3, las piezas negras se quedan sin
perspectivas, la columna "c" muy pronto quedará bajo control de las torres
blancas y por supuesto, la debilidad de las casillas negras abre la
posibilidad de lograr una gran superioridad.} Kf8 ({El intento} 18... a5 {
solo aceleraría la derrota de las negras} 19. b5 Rc8 20. Rac1 {
con ventaja decisiva.}) 19. Nc5 Bc8 20. f3 $1 {!Sin comentarios!} Rea7 21. Re5
Bd7 {diagrama.} 22. Nxd7+ $1 {
Una elección que simplifica la realización de la ventaja. También era posible}
(22. a4 Bc8 23. Rb1 {pero después de} Rc7 {las negras amenazan a5.}) 22... Rxd7
23. Rc1 Rd6 24. Rc7 Nd7 25. Re2 {Las negras quedan en una posición de zugzwang:
no pueden mover ninguna pieza, solo les quedan jugadas de peones.} g6 26. Kf2
h5 27. f4 h4 28. Kf3 f5 {Es horrible debilitar la séptima fila de esta forma,
pero no hay muchas más jugadas.} 29. Ke3 d4+ 30. Kd2 Nb6 ({
El único intento que quedaba era} 30... Rb8 31. a3 Rbb6 {y las blancas tienen
varias formas para aumentar su ventaja. Ofrezco una de ellas:} 32. Rc8+ Kf7 33.
Bc4+ Kf6 34. Kd3 Rb8 35. Rxb8 Nxb8 36. Re5 g5 37. Rd5 Rxd5 38. Bxd5 gxf4 39.
Kxd4 {ganando.}) 31. Ree7 Nd5 32. Rf7+ Ke8 33. Rb7 Nxb4 34. Bc4 1-0

[Event "World Championship 34th-KK4"]
[Site "Sevilla"]
[Date "1987.10.14"]
[Round "2"]
[White "Kasparov, Garry"]
[Black "Karpov, Anatoly"]
[Result "0-1"]
[WhiteElo "2740"]
[BlackElo "2700"]
[Annotator "Ubilava, E"]
[PlyCount "64"]
[EventDate "1987.10.??"]
[EventType "game"]
[Source "EDAMI"]
[SourceDate "2006.12.20"]

{Esa partida aparece en las bases de datos con comentarios de tipo informator,
publicados en el boletin del campeonato del mundo. Yo no voy a cambiar esos
análisis. Simplemente comentaré los momentos claves de este encuentro, para
demostrar la importancia de las novedades teóricas y las consecuencias de esas
sorpresas.} 1. c4 e5 2. Nc3 Nf6 3. Nf3 Nc6 4. g3 Bb4 5. Bg2 O-O 6. O-O e4 7.
Ng5 Bxc3 8. bxc3 Re8 9. f3 {Diagrama.} e3 $5 {N; Zaitsev,I; 9...ef3 - 35/44
Después de esta nueva idea, G.Kasparov consumió casi una hora, reflexionando
sobre las diferentes posiciones que podían darse en caso de aceptar o rechazar
este sacrificio.} 10. d3 $1 (10. dxe3 b6 (10... h6 11. Nh3 d5 12. Nf4 dxc4 13.
e4 $14) (10... d6 $44) 11. e4 h6 (11... Ba6 $6 12. f4 h6 13. Nxf7 Kxf7 14. e5
Bxc4 (14... Ng8 $2 15. Bd5+ Kf8 16. Ba3+ Nge7 17. Qd3 d6 18. Qh7 $18) 15. exf6
$16) 12. Nh3 Ba6 $44) 10... d5 $8 11. Qb3 $1 $14 {Gary reacciona
formidablemente contra la preparación de su rival, pero consume un cuarto de
hora más.} (11. cxd5 Nxd5 12. Qb3 (12. Ne4 f5 13. c4 fxe4 (13... Nf6 14. Nc3
Nd4 $10) (13... Nde7 $10) 14. cxd5 exf3 15. Rxf3 Nd4 16. Rxe3 Bg4 17. Be4 Qf6
18. Bb2 Qb6 $1 19. Bxd4 Qxd4 20. Qc1 $8 Bxe2 21. Kg2 Bxd3 $19) 12... Na5 (12...
Qxg5 13. f4 Nxf4 14. Rxf4 $44) 13. Qa3 Qxg5 14. Qxa5 Qe5 (14... b6 15. f4 $16)
15. d4 (15. f4 $2 Nxf4 16. Qxe5 Nxe2+ 17. Kh1 Rxe5 18. Bb2 Rb5 $17) 15... Qd6
$10 16. Ba3 Qc6 17. f4 Qxc3 18. Qa4 Nf6) 11... Na5 12. Qa3 c6 13. cxd5 cxd5 14.
f4 Nc6 15. Rb1 Qc7 (15... Bg4 $5 16. Re1 (16. Rxb7 Bxe2 17. Re1 (17. Nxf7 Qa5
$1 18. Qd6 Bxf1 19. Nh6+ Kh8 20. Nf7+ $10) 17... Bxd3 18. Nxf7 Qa5 19. Qd6 Nd4
$13) 16... h6 (16... Qd7 17. h3 $16) 17. Nf3 Qd7 18. d4 {con idea de Ne5}) 16.
Bb2 Bg4 17. c4 $10 (17. Nf3 Qd7 18. Ba1 Re7 $5 (18... b6 19. Rfc1 {
con idea de si} Rad8 $6 20. c4 d4 21. c5 $1 $16) (18... Bh3 19. Bxh3 Qxh3 20.
Rxb7 Ng4 21. Qc5 $1 $16) 19. Rfc1 Bh3 20. Bh1 Nh5 {amenazando Nf4}) (17. Rfe1
$1 $14) 17... dxc4 18. Bxf6 gxf6 19. Ne4 Kg7 (19... Rxe4 $5 20. Bxe4 $8 f5 $1 (
20... Bxe2 21. Rfe1 $16) 21. Bf3 Nd4 (21... Bxf3 22. Rxf3 Nd4 23. Rxe3 Nc2 24.
Qe7 $18) 22. dxc4 Bxf3 23. exf3 e2 24. Rfe1 Qxc4 $44) 20. dxc4 $15 {En este mom
ento el campeón del mundo tenía ya muy poco tiempo, y la posición ya es
inferior para él. Realmente, es ahora cuando empieza a funcionar el efecto de
la nueva idea. Las blancas se han quedado sin tiempo, justo cuando deben tomar
muchas decisiones importantes. Por supuesto, eso produce nerviosismo y errores.
} (20. Nxf6 $5 Kxf6 21. Rb5 {Makarichev,S; Radovsky} Rad8 22. Qc3+ Ke7 23. Qxc4
$13) (20. h3 Bxe2 21. Nxf6 Bxf1 22. Qc3 Re5 $1) (20. Qc3 Qd8 $1 (20... Qe7 21.
Rxb7 Qxb7 22. Nxf6 Kf8 23. Nxg4 $18) 21. dxc4 Qd4 (21... Nd4 22. Qxe3 $1) 22.
Rxb7 Rxe4 23. Qxd4 Rxd4 24. Bxc6 $10) (20. Nd6 Re6 21. Nxc4 Rd8 22. f5 Ree8 23.
Rb2 Nd4 24. Rxb7 Nxe2+ 25. Kh1 Nxg3+ $1 26. Kg1 $1 (26. hxg3 $2 Qxg3 $19) 26...
Ne2+ (26... Qxb7 27. Bxb7 Nxf1 28. Kxf1 Bxf5 29. Nd6 $18) (26... Nxf1 27. Rxc7
e2 28. Qxa7 $8 e1=Q 29. Rxf7+ Kh6 30. Rxf6+ $1 Kg5 31. Qg7+ Kf4 32. Qh6#) 27.
Kh1 Qc8 $5 (27... Ng3+ $10) 28. Nd6 Rxd6 29. Qxd6 Bxf5 $44) 20... Rad8 {
Ahora se va aproducir el error, tras lo cual las negras obtienen gran ventaja.
Se puede decir que a partir de ese momento, la lucha se convierte en una
resistencia desesperada.} (20... Bxe2 21. Qb2 (21. Nxf6 $36) 21... Rxe4 22.
Qxe2 Re7 $13) 21. Rb3 $6 (21. Nc3 Nd4 22. Nd5 Qxc4 (22... Qd6 23. Qxd6 (23. c5
$6 Qe6 24. Nc7 Nxe2+ 25. Kh1 Qf5 26. Nxe8+ Rxe8 27. Rb3 (27. Rxb7 Qh5 $17)
27... Nd4 28. Rxe3 Nc2 $19) 23... Rxd6 24. Rxb7 Bxe2 25. Re1 Bxc4 26. Nxe3 Rde6
27. Rb4 Ne2+ 28. Kf2 Bd3 29. Nd5 Nxf4 30. Nxf4 Rxe1 31. Nxd3 R8e2+ 32. Kf3 Re3+
33. Kf2 R1e2+ 34. Kf1 Rxg2 35. Kxg2 Rxd3 36. Ra4 $10) 23. Nxe3 Qxe2 24. Nxg4 (
24. Rbe1 Qd2 $17) 24... Qxg4 $15) 21... Nd4 $17 22. Rxe3 Qxc4 (22... Nc2 23.
Qc3 Nxe3 24. Qxf6+ (24. Nxf6 Kg6 $19) 24... Kf8 25. Qh6+ Ke7 26. Qf6+ Kd7 $19)
23. Kh1 Nf5 $1 24. Rd3 Bxe2 25. Rxd8 Rxd8 26. Re1 Re8 $19 {
con idea de responder a 27.Nd6 Nxd6 28.Qxd6 Bf3 29.Rxe8 Qf1#} 27. Qa5 b5 28.
Nd2 Qd3 29. Nb3 Bf3 30. Bxf3 Qxf3+ 31. Kg1 Rxe1+ 32. Qxe1 Ne3 0-1

[Event "Tilburg"]
[Site "Tilburg"]
[Date "1991.??.??"]
[Round "4"]
[White "Short, Nigel D"]
[Black "Timman, Jan H"]
[Result "1-0"]
[WhiteElo "2660"]
[BlackElo "2630"]
[Annotator "Rahal, M"]
[PlyCount "67"]
[EventDate "1991.10.??"]
[EventType "tourn"]
[EventRounds "14"]
[EventCountry "NED"]
[EventCategory "17"]
[Source "EDAMI"]
[SourceDate "2006.12.20"]

1. e4 Nf6 2. e5 Nd5 3. d4 d6 4. Nf3 g6 5. Bc4 Nb6 6. Bb3 Bg7 7. Qe2 Nc6 8. O-O
O-O 9. h3 $1 {#Short y Timman han jugado muchas partidas juntos, aunque esta
quizás sea la más elegante. Las negras han planteado la Defensa Alekhine,
utilizando una de las variantes modernas con el fianchetto del alfil de rey,
presionando sobre el peón de e5. La última jugada blancas es importante, ya
que al evitar la clavada Bg4 el peon de e5 anula la acción del alfil.} a5 10.
a4 dxe5 11. dxe5 Nd4 {
Las negras buscan igualar la partida mediante la simplificación.} 12. Nxd4 Qxd4
13. Re1 {Reforzando e5 y amagando e5-e6.} e6 14. Nd2 Nd5 15. Nf3 Qc5 16. Qe4 $1
{Las blancas trasladan su dama a h4, desde donde atacará el rey negro
combinado con Bh6 y Ng5. Las negras intentarán evitar esta peligrosa maniobra.}
Qb4 17. Bc4 $1 Nb6 {#} 18. b3 $1 {Las blancas están dispuestas a deteriorar su
estructura de peones, y dar su pareja de alfiles con el fin de seguir atacando.
} Nxc4 19. bxc4 {Amenazando Ba3.} Re8 20. Rd1 $1 Qc5 21. Qh4 b6 22. Be3 Qc6 ({
Quizás hubiera sido mejor} 22... Qf8) 23. Bh6 Bh8 24. Rd8 $1 {
Buena jugada, cortando el tablero en dos.} Bb7 25. Rad1 {El dominio de la
columna es fundamental para poder atacar en el flanco de rey.  Se amenaza
entre otras jugadas 26.Qe7!} Bg7 26. R8d7 $1 Rf8 ({Tras} 26... Bxh6 27. Qxh6 {
las blancas amenazan 28.Rxf7!.}) ({y en caso de} 26... Qe4 27. Rxf7 $3) 27.
Bxg7 Kxg7 28. R1d4 $1 {Importante jugada. La torre controla la cuarta fila, y
está lista para saltar al flanco de rey si fuera necesario.} Rae8 29. Qf6+ Kg8
30. h4 h5 {Única para evitar h5-h6} 31. Kh2 Rc8 ({Contra} 31... Bc8 {
al no estar la batería Q+B en la diagonal las blancas pueden golpear con} 32.
g4 $1 hxg4 (32... Bxd7 33. gxh5) 33. Ng5 $1 Bxd7 34. h5 $1) {# La imposibilidad
de mover el caballo de f3 (por el mate en g2) impide a las blancas saltar a g5
creando nuevas amenazas. Parece que no puede progresar en el ataque pero Short
tiene una idea que seguramente el lector ya habrá intuído: utilizar el rey
como pieza de ataque.} 32. Kg3 $3 Rce8 33. Kf4 $1 Bc8 34. Kg5 $3 ({
Timman abandonó ya que después de} 34. Kg5 $3 Bxd7 35. Kh6 $1 {fuerza el mate.
De nuevo, vemos que el control del tablero que proporcionan las activas piezas
blancas es fundamental para la marcha del rey.}) 1-0

[Event "Tilburg Fontys"]
[Site "Tilburg"]
[Date "1998.10.24"]
[Round "2"]
[White "Anand, Viswanathan"]
[Black "Kramnik, Vladimir"]
[Result "1-0"]
[WhiteElo "2795"]
[BlackElo "2780"]
[Annotator "Ubilava, E"]
[PlyCount "69"]
[EventDate "1998.10.23"]
[EventType "game"]
[EventCountry "NED"]
[Source "EDAMI"]
[SourceDate "2006.12.20"]

1. e4 {En esta partida, las blancas en la jugada 15, introducen una nueva
jugada que parece insignificante a primera vista, pero en realidad no solo
varía el desarrollo elegido por V.Anand contra A.Yusupov en Linares 1993, sino
que refuta las conclusiones que sacaron los teóricos después de ese encuentro.
En un exhaustivo análisis casero, habíamos llegado tan lejos, que la partida
casi reproduce completamente los resultados de nuestro análisis. Después de
esa derrota, Kramnik encontró otro camino en la misma variante, y pudo
restableser el statu quo en términos teóricos. Aún así, la victoria en esta
partida ayudó al vencedor a ganar el torneo en solitario. (En la presente
partida, mantengo los análisis de V.Anand que han sido ya publicados, mientras
que las introducciones verbales son mias.)} e5 2. Nf3 Nf6 3. Nxe5 d6 4. Nf3
Nxe4 5. d4 d5 6. Bd3 Nc6 7. O-O Be7 8. Re1 Bg4 9. c3 f5 10. Qb3 O-O 11. Nbd2
Na5 12. Qa4 Nc6 13. Bb5 Nxd2 14. Nxd2 Qd6 {Hasta aquí, los jugadores han
seguido la mencionada partida Anand-Yusupov. Diagrama.} 15. h3 $3 {Esta fue mi
sugerencia antes de llevar el caballo a c5. Durante nuestra preparación, nos
dimos cuenta que la inclusión de esta jugada cambiaba sustancialmente las
cosas.} (15. Nb3 Bh4 16. Rf1 f4 (16... Qg6 $5 17. Bf4 Bh3 18. g3 (18. Bg3 f4 $1
)) 17. f3 Bf5 18. Nc5 Qg6 19. Qd1 Bh3 20. Qd2 Rae8 21. Nd3 a6 22. Bxc6 bxc6 23.
Ne5 Rxe5 24. dxe5 Be6 25. Qd4 Bh3 26. Qd2 Be6 27. Qd4 {
- Anand,V-Yusupov,A Linares 1993}) (15. Nb3 {(Anand,V) - 57/306}) 15... Bh5 ({
En caso de} 15... Bh4 16. hxg4 fxg4 17. Rf1 $1 (17. Re2 Rae8) 17... Bxf2+ $140
18. Rxf2 Rxf2 19. Kxf2 Rf8+ 20. Ke2 Qg3 21. Kd1 $1 $18 (21. Bxc6 $4 Rf2+ $1 22.
Kd1 Qd3 23. Bxd5+ Kf8 24. Qb4+ Ke8 25. Bf7+ $1 Kd7 26. Qa4+ b5 27. Qxb5+ Qxb5
$19)) 16. Nb3 Bh4 (16... Nd8 17. Bf4 $1 Qxf4 18. Rxe7 c6 19. Bd3 {<->7}) 17.
Nc5 Bxf2+ $2 {Kramnik, después de una larga reflexión, decide sacrificar la
pieza, lo que parece dar un ataque muy peligroso, pero que estaba
profundamente investigada por su rival en los análisis previos. Este es el
gran peligro que espera a todos los jugadores que se enfrentan a una
preparación casera de gran emvergadura.} (17... Rae8 $2 18. Bg5 $1 $18) ({
La principal jugada era} 17... f4 {por ejemplo:} 18. Re6 $1 (18. Nxb7 Qg6 19.
Kf1 (19. Bxc6 Bf3) 19... Bxf2 $1 20. Bxc6 Bxe1 $19) 18... Qd8 19. Nd3 $1 (19.
Nxb7 $2 Bxf2+ 20. Kxf2 (20. Kh1 Qh4 21. Bxc6 (21. Bf1 f3 22. Qxc6 fxg2+ 23.
Bxg2 Bf3 $19) 21... Bf3 $1) 20... Qh4+ 21. Kg1 f3 22. Qc2 (22. Bxc6 Qg3 23. Qc2
f2+ 24. Kf1 Qxg2+ $1 25. Kxg2 f1=Q+ $19) 22... f2+ 23. Kf1 Qg3 $19) (19. f3 $5
Bxf3 (19... Qg5 20. g4 $1) 20. gxf3 Qg5+ 21. Kh1 Qg3 22. Qc2 Qxh3+ 23. Qh2
Qxf3+ 24. Qg2 $14) (19. Bf1 Qc8 20. Bd2 $14) 19... f3 20. g3 $16) (17... Nd8
18. Bf1 $1 c6 (18... b6 19. Nd3 Ne6 20. Qb4 $1 $16) 19. Nd3 Ne6 20. b3 $1 $16)
18. Kxf2 {Prácticamente después de esa jugada, las negras están perdidas. Las
blancas demuestran de modo simple los recursos defensivos de su posición.} Qh2
19. Bxc6 bxc6 (19... f4 20. Bxd5+ Kh8 21. Nd3 $1 f3 22. Nf4 Rxf4 (22... fxg2
23. Bxg2 Rxf4+ 24. Bxf4 Rf8 25. Re4 $18) 23. Bxf4 Qxg2+ 24. Ke3 $18) 20. Qxc6
f4 21. Qxd5+ Kh8 (21... Bf7 22. Qf3 ({Es posible también} 22. Qg5) 22... Bh5
23. Qxh5 f3 24. Bf4 $1 $18) 22. Qxh5 f3 (22... Qg3+ 23. Kf1 f3 24. gxf3 Rxf3+
25. Ke2 $18) 23. Qxf3 $1 {Esta era la clave de nuestra defensa, que demuestra
la solidez de la posición blanca, pero, sobre el tablero, Vishy encontró
también otra solución:} (23. Bh6 $1 fxg2+ 24. Ke3 Qg3+ (24... g1=Q+ 25. Rxg1
Qf2+ 26. Kd3 Rf3+ 27. Qxf3 $1 Qxf3+ 28. Be3 $18) 25. Kd2 g1=Q (25... Rf2+ 26.
Re2 g1=Q 27. Rxg1 Qxg1 28. Bxg7+ Kxg7 29. Qe5+ $18) 26. Bxg7+ $1 (26. Rxg1 $2
Rf2+ 27. Qe2 Rxe2+ 28. Kxe2 Re8+ $19) 26... Kg8 27. Rxg1 Rf2+ 28. Qe2 Rxe2+ 29.
Kxe2 Re8+ 30. Be5 $18) (23. Bf4 $6 fxg2 24. Ke3 Rxf4 25. Kd3 Raf8 $1 26. Kc4 $5
(26. Ne6 $2 {Anand,V} g1=Q $1 27. Nxf8 (27. Rxg1 {Anand,V} Rf3+ 28. Kc4 Qe2+
29. Kb3 Qxe6+) 27... Qgg3+ $19)) 23... Rxf3+ 24. Kxf3 Rf8+ 25. Ke2 Qxg2+ ({
Era más prudente} 25... Re8+ $1 {aunque después de} 26. Be3 Qxg2+ 27. Kd3 Qxb2
28. Bc1 $1 Qb5+ 29. c4 Qc6 30. Rxe8+ Qxe8 31. Be3 {las blancas deben ganar.})
26. Kd3 Qxh3+ 27. Kc2 $1 (27. Be3 Rf2 $1) 27... Qg2+ (27... Qf5+ 28. Nd3 $18)
28. Bd2 Qg6+ 29. Re4 $1 (29. Nd3 Rf3 30. Re3) 29... h5 (29... Re8 30. Rg1 $1
$18) 30. Rae1 Re8 31. Kc1 Rxe4 32. Nxe4 $1 h4 33. Ng5 {Esta jugada paraliza
completamente el flanco del rey, y acaba con la resistencia de las negras.} Qh5
34. Re3 Kg8 35. c4 1-0